| 000 | 00752nam a22002177a 4500 | ||
|---|---|---|---|
| 999 |
_c20879 _d20879 |
||
| 003 | AR-CdUCM | ||
| 008 | 190402b ||||| |||| 00| 0 spa d | ||
| 040 |
_aMUNICIPALIDAD PROVINCIAL DEL CUSCO _cBIBLIOTECA MUNICIPAL DEL CUSCO |
||
| 082 |
_a330.15 / _bG26 |
||
| 100 |
_aGarcia, Sixto _928193 |
||
| 245 |
_aEconomía política : _bQuinto grado de educación secundaria / |
||
| 260 |
_aLima : _bSan Francisco, |
||
| 300 |
_a223 páginas ; _c24 cm. |
||
| 505 | _aContenido : Las necesidades humanas -- Bienes y servicios -- La producción, problemas y factores... | ||
| 650 |
_aEconomía _9382 |
||
| 650 |
_aFactor de producción _943581 |
||
| 650 |
_aEmpresas _95583 |
||
| 650 |
_aDemografía del Perú _98414 |
||
| 942 |
_2ddc _cLIBROS |
||
| 945 | _arcc | ||